| 000 | 00000nam##2200000za#4500 |
| 001 | 9.571088 |
| 003 | CaOODSP |
| 005 | 20210624182543 |
| 007 | cr ||||||||||| |
| 008 | 150406|2007||||xxc|||||o f|0| 0 eng|d |
| 022 | |a1919-3769 |
| 040 | |aCaOODSP|beng |
| 043 | |an-cn--- |
| 086 | 1 |aFs70-7/2007-007E-PDF |
| 110 | 1 |aCanada. |bDepartment of Fisheries and Oceans. |bMaritimes Region. |
| 245 | 10|aReview of ExxonMobil Canada's 2006 offshore environmental effects monitoring report |h[electronic resource] |
| 246 | 1 |aMaritimes Region - science response, review of 2006 SOEP EEM report |
| 260 | |aDartmouth - Nova Scotia : |bFisheries and Oceans Canada. |cAugust 2007. |
| 300 | |a7p.|breferences |
| 490 | 1 |aCanadian Science Advisory Secretariat - science response |x1919-3769|v2007/007, Maritimes Region |
| 590 | |a11-22-Supp|b2011-10-13 |
| 775 | 08|tExamen du rapport de 2006 sur le programme d'études de suivi des effets sur l'environnement extracôtier d'ExxonMobil Canada |w(CaOODSP)9.601732 |
| 830 | #0|aScience response (Canadian Science Advisory Secretariat)|x1919-3769|v2007/007, Maritimes Region|w(CaOODSP)9.506232 |
| 856 | 40|ahttp://publications.gc.ca|qPDF|s49 Ko|uhttps://publications.gc.ca/collections/collection_2011/mpo-dfo/Fs70-7-2007-007-eng.pdf|y2007/007, Maritimes Region |